Дело по отношению господина министра финансов о доставлении заключения о том, можно ли отпущенных на волю от господина Казимиров...

Доступно только в Электронных читальных залах Найти на картеНа карте
RUSMARC
00003807nmc2a22000003x 450
00197464f7a-9f29-4c11-a4fc-53d1c630bf5e
00520180227175005.0
100##$a20160906l18461846k l0rusy0189 ca
1010#$arus
102##$aRU
2001#$aДело по отношению господина министра финансов о доставлении заключения о том, можно ли отпущенных на волю от господина Казимирова дворовых людей Сиротиных причислить в городское сословие с раздроблением семейства в разные города
$j7 октября - 17 декабря 1846 г.
251##$cДело
300##$aДело
801#0$aRU
$bРГИА
$c20160906
$gRCR
801#1$aRU
$bГлавНИВЦ
$c20160906
$2rusmarc
801#2$aRU
$bПБ им. Б.Н. Ельцина
$c20180227
$gRCR
$2rusmarc
850##$aРГИА
852##$aРГИА
$eФедеральное казенное учреждение "Российский государственный исторический архив" (РГИА)
$j1400
937##$hРГИА
$d12207760
$aASBIBLIO_SCAN
462#0$1001a27eaba9-7cb9-40a7-a26f-8911768d1c13
$12001
$a1846-1847 гг. Дела Департамента полиции исполнительной за 1846 г.
$1251
$cОпись
$1852
$j10
461#0$10013e300ed0-cd39-49af-8489-5ba5b90fa401
$12001
$aДепартамент полиции исполнительной МВД
$1251
$cФонд
$1852
$j1286
215##$a5 л.
$d36,5х26 см
371##$aДокумент не является опубликованным и широко распространяемым
105##$ay###
1222#$ad
035##$a97464f7a-9f29-4c11-a4fc-53d1c630bf5e
856##$uhttp://readingroom.main.prlib.ru/item.aspx?id_node=n113847319&mode=full
Формат отображения